00399nam a2200169Ia 4500003000400000008004100004040001600045082001700061100001600078245004300094260003600137300000900173650001200182650001300194650000900207650001300216GCL140319s9999 xx 000 0 eng d aGCL / cGCL04aCHb751bS P1 aSMART, TONY10aPAINT: CRAFTS FOR KIDS / cSMART, TONY a[S.N] : bAPPLE PRESS ، c1996 a96 P04aDRAWING04aCHILDREN04aARTS04aPAINTING